000 00613cam a22001931 4500
005 20250901165408.0
008 840411s1937 paua 000 0 eng
010 _a 43036080
050 0 0 _aHF5822 .P456
_b.P456
082 _a659.15
100 1 _aLink, Henry C.
_q(Henry Charles),
_d1889-1952.
245 1 0 _aPsychology of advertising,
_bprepared especially for home study.
260 _a[Scranton,
_c1937]
300 _a42 p.
_billus.
_c19 cm.
500 _aAt head of title: International correspondence schools, Scranton, Pa.
500 _a"Serial 3353, edition 1."
500 _aCover title.
942 _2ddc
999 _c3265
_d3265